| 000 | 01038nmm a2200325 a 4500 | ||
|---|---|---|---|
| 003 | AR-BaBNM | ||
| 005 | 20251128211751.0 | ||
| 008 | 296020sc200 ||||||||||||||000 | spa|| | ||
| 020 | _a84-205-3716-0 | ||
| 040 | _cAR-BaBNM | ||
| 100 | 1 | _aGonzález González, María Teresa | |
| 245 | 1 | 0 |
_aOrganización y gestión de centros escolares _bdimensiones y procesos |
| 260 |
_aMadrid _bPearson-Prentice Hall _cc2003 _aBuenos Aires |
||
| 300 | 0 | _a310 p. | |
| 504 | _aContiene referencias bibliográficas | ||
| 650 | 4 | _aORGANIZACION ESCOLAR | |
| 650 | 4 | _aCONDICIONES DE TRABAJO DEL DOCENTE | |
| 653 | 0 | _aINSTITUCIONES EDUCATIVAS | |
| 653 | 0 | _aGESTION INSTITUCIONAL | |
| 653 | 0 | _aAUTONOMIA | |
| 653 | 0 | _aCOORDINACION DE GRUPOS | |
| 653 | 0 | _aDIRECTORES DE ESCUELA | |
| 653 | 0 | _aPLANIFICACION INSTITUCIONAL | |
| 653 | 0 | _aEVALUACION INSTITUCIONAL | |
| 700 | 1 | _aNieto Cano, José Miguel | |
| 700 | 1 | _aPortela Pruaño, Antonio | |
| 700 | 1 |
_aMartínez Ruzafa, José Antonio _ecolaborador |
|
| 942 | _cBK | ||
| 998 | _cme-solo cat | ||
| 999 |
_c21026 _d21026 |
||